[Event "Brasschaat op 07th"]
[Site "Brasschaat"]
[Date "2007.08.20"]
[Round "3"]
[White "Broeckmeyer, Walter"]
[Black "Van Herck, Marcel"]
[Result "0-1"]
[WhiteElo "1766"]
[BlackElo "2213"]
[PlyCount "48"]
[EventDate "2007.08.18"]
[EventType "swiss"]
[EventRounds "9"]
[EventCountry "BEL"]
[SourceTitle "CBM 120 Extra"]
[Source "ChessBase"]
[SourceDate "2007.11.01"]
[SourceVersion "1"]
[SourceVersionDate "2007.11.01"]
[SourceQuality "1"]

1. d4 Nf6 2. Nf3 g6 3. Nc3 d5 4. e3 Bg7 5. Be2 0-0 6. Ne5 c6 7. h4 Nbd7 8. Nd3 Ne4 9. Nf4 e5 10. Nxe4 dxe4 11. dxe5 Nxe5 12. Qxd8 Rxd8 13. Bd2 Bg4 14. 0-0-0 Bxe2 15. Nxe2 Ng4 16. Rhf1 Bh6 17. Ng3 f5 18. Rde1 Rd7 19. h5 Rad8 20. Re2 Kf7 21. hxg6+ hxg6 22. a3 Ke6 23. Bc3 Bg5 24. Bd4 Rxd4 0-1

[Event "Brasschaat op 07th"]
[Site "Brasschaat"]
[Date "2007.08.19"]
[Round "?"]
[White "Goossens, Hanne"]
[Black "Broeckmeyer, Walter"]
[Result "1/2-1/2"]
[WhiteElo "2047"]
[BlackElo "1766"]
[PlyCount "36"]
[EventDate "2007.08.18"]
[EventType "swiss"]
[EventRounds "9"]
[EventCountry "BEL"]
[SourceTitle "CBM 120 Extra"]
[Source "ChessBase"]
[SourceDate "2007.11.01"]
[SourceVersion "1"]
[SourceVersionDate "2007.11.01"]
[SourceQuality "1"]

1. e4 e5 2. Nf3 Nc6 3. d4 exd4 4. Nxd4 Nf6 5. Nxc6 bxc6 6. e5 Qe7 7. Qe2 Nd5 8. c4 Nb6 9. Nd2 d6 10. exd6 cxd6 11. Ne4 Qe6 12. b3 Be7 13. Bb2 0-0 14. Ng3 d5 15. Qxe6 Bb4+ 16. Kd1 Bxe6 17. cxd5 Nxd5 18. Kc2 Rfd8 1/2-1/2

[Event "Brasschaat op 05th"]
[Site "Brasschaat"]
[Date "2005.08.25"]
[Round "6"]
[White "Broeckmeyer, Walter"]
[Black "Dhuyvetter, Frederik"]
[Result "1-0"]
[WhiteElo "1834"]
[BlackElo "1649"]
[PlyCount "67"]
[EventDate "2005.08.20"]
[EventType "swiss"]
[EventRounds "9"]
[EventCountry "BEL"]
[SourceTitle "CBM 108 Extra"]
[Source "ChessBase"]
[SourceDate "2005.11.04"]
[SourceVersion "1"]
[SourceVersionDate "2005.11.04"]
[SourceQuality "1"]

1. e4 d6 2. Nc3 Nf6 3. f4 g6 4. Nf3 Bg7 5. Be2 c6 6. 0-0 0-0 7. Qe1 Nbd7 8. d3 a6 9. Kh1 b5 10. Nd1 Bb7 11. Qh4 e5 12. f5 d5 13. fxg6 fxg6 14. Bg5 d4 15. Nf2 Qc7 16. Ng1 c5 17. Ng4 Qc6 18. Nh6+ Bxh6 19. Bxh6 Rf7 20. Nh3 c4 21. Rf2 a5 22. Raf1 Ra6 23. Bg4 Bc8 24. Ng5 Re7 25. Bxd7 Bxd7 26. Rxf6 Qxf6 27. Rxf6 Rxf6 28. Nf3 Ref7 29. Qg3 Re7 30. Bg5 Ref7 31. Bxf6 Rxf6 32. Qg5 Kg7 33. Qxe5 Bg4 34. h3 1-0

[Event "Brasschaat op 05th"]
[Site "Brasschaat"]
[Date "2005.08.20"]
[Round "1"]
[White "Maas, Luc"]
[Black "Broeckmeyer, Walter"]
[Result "0-1"]
[WhiteElo "1383"]
[BlackElo "1834"]
[PlyCount "70"]
[EventDate "2005.08.20"]
[EventType "swiss"]
[EventRounds "9"]
[EventCountry "BEL"]
[SourceTitle "CBM 108 Extra"]
[Source "ChessBase"]
[SourceDate "2005.11.04"]
[SourceVersion "1"]
[SourceVersionDate "2005.11.04"]
[SourceQuality "1"]

1. f4 d5 2. Nf3 c5 3. e3 a6 4. b3 Nc6 5. Bb2 f6 6. Be2 Qc7 7. 0-0 Nh6 8. Nh4 Be6 9. Bh5+ g6 10. Bf3 0-0-0 11. g4 Rg8 12. Kh1 g5 13. f5 Bf7 14. Ng2 d4 15. Na3 Ne5 16. e4 e6 17. Nc4 Nxc4 18. bxc4 exf5 19. exf5 Bxc4 20. Re1 Bd6 21. d3 Bb5 22. h3 Be5 23. Be4 Bg3 24. Re2 Rge8 25. a4 Bc6 26. Bxc6 Qxc6 27. Kg1 Rxe2 28. Qxe2 Re8 29. Qf1 Nf7 30. Ne1 Re3 31. c3 Qe8 32. cxd4 Bxe1 33. d5 Re2 34. Rc1 Qe3+ 35. Kh1 Rf2 0-1

[Event "Brasschaat op 04th"]
[Site "Brasschaat"]
[Date "2004.08.27"]
[Round "7"]
[White "Broeckmeyer, Walter"]
[Black "De Vos, Nils"]
[Result "0-1"]
[WhiteElo "1825"]
[BlackElo "1991"]
[PlyCount "122"]
[EventDate "2004.08.21"]
[EventType "swiss"]
[EventRounds "9"]
[EventCountry "BEL"]
[SourceTitle "EXT 2017"]
[Source "ChessBase"]
[SourceDate "2016.10.25"]
[SourceVersion "1"]
[SourceVersionDate "2016.10.25"]
[SourceQuality "1"]

1. e4 e5 2. Bc4 Nf6 3. d3 Nc6 4. Nf3 Bc5 5. 0-0 d6 6. h3 h6 7. c3 0-0 8. Bb3 Bb6 9. Nbd2 a6 10. Nh2 Be6 11. Bc2 d5 12. Qe2 Re8 13. Kh1 dxe4 14. dxe4 Qe7 15. Nb3 Rad8 16. Be3 Bxe3 17. fxe3 Rd7 18. Rad1 Red8 19. Rxd7 Rxd7 20. Qf3 a5 21. a4 b6 22. Nc1 Rd2 23. Rf2 Qd7 24. Nf1 Rxf2 25. Qxf2 Ne8 26. g4 Qd8 27. Kg2 Qf6 28. Ng3 g6 29. Qxf6 Nxf6 30. Nce2 Ne8 31. Nc1 Nd6 32. b3 Nb8 33. Kf3 Nd7 34. Nce2 c6 35. Nc1 b5 36. axb5 cxb5 37. Nd3 Kf8 38. Nf1 Ke7 39. Ng3 Nb7 40. Nf1 f6 41. Nd2 Kd6 42. Nb1 Kc6 43. Nd2 Ndc5 44. Nb2 Nd6 45. Kg3 Kb6 46. Kf3 Bd7 47. Nd3 Nxd3 48. Bxd3 Kc5 49. Bc2 a4 50. Nb1 Nc8 51. Na3 b4 52. cxb4+ Kxb4 53. Nb1 a3 54. Nxa3 Kxa3 55. Ke2 Be6 56. b4 Kxb4 57. Kf3 Bb3 58. Bd3 Kc3 59. Be2 Bc2 60. Kg2 Bxe4+ 61. Kf2 Kd2 0-1

[Event "Brasschaat op 03rd"]
[Site "Brasschaat"]
[Date "2003.08.??"]
[Round "8"]
[White "Broeckmeyer, Walter"]
[Black "Jacobs, Paul"]
[Result "0-1"]
[WhiteElo "1860"]
[BlackElo "1775"]
[PlyCount "104"]
[EventDate "2003.08.24"]
[EventType "swiss"]
[EventRounds "9"]
[EventCountry "BEL"]
[SourceTitle "EXT 2017"]
[Source "ChessBase"]
[SourceDate "2016.10.25"]
[SourceVersion "1"]
[SourceVersionDate "2016.10.25"]
[SourceQuality "1"]

1. e4 c5 2. Nc3 Nc6 3. f4 d6 4. Bb5 Bd7 5. Nf3 e6 6. 0-0 Nge7 7. Kh1 g6 8. Ne2 Bg7 9. c3 0-0 10. Ng3 Qc7 11. d3 a6 12. Ba4 b5 13. Bc2 f5 14. Qe2 Kh8 15. Be3 b4 16. Qd2 Na7 17. Bb3 bxc3 18. bxc3 Nb5 19. Rac1 Qb6 20. d4 cxd4 21. Nxd4 Nxd4 22. Bxd4 Bxd4 23. Qxd4+ Qxd4 24. cxd4 fxe4 25. Nxe4 Nf5 26. Rfd1 Rac8 27. Rxc8 Rxc8 28. h3 h6 29. Nf6 Bc6 30. Rd2 Kg7 31. Bxe6 Rb8 32. Nd5 Ng3+ 33. Kg1 Rb1+ 34. Kf2 Ne4+ 35. Ke3 Nxd2 36. Kxd2 Rb2+ 37. Kd3 Rxg2 38. Nc3 Rg3+ 39. Kd2 Bg2 40. Ne2 Ra3 41. Nc3 Ra5 42. Ke3 Kf6 43. d5 Bf1 44. Kd4 Ke7 45. h4 Rc5 46. Ne4 Rc2 47. h5 gxh5 48. f5 Rc4+ 49. Ke3 Rxe4+ 50. Kxe4 Kf6 51. Kf3 a5 52. Kg3 Bd3 0-1

[Event "Brasschaat op 03rd"]
[Site "Brasschaat"]
[Date "2003.08.??"]
[Round "6"]
[White "Broeckmeyer, Walter"]
[Black "Mertens, Frans"]
[Result "1-0"]
[WhiteElo "1860"]
[BlackElo "2033"]
[PlyCount "93"]
[EventDate "2003.08.24"]
[EventType "swiss"]
[EventRounds "9"]
[EventCountry "BEL"]
[SourceTitle "EXT 2017"]
[Source "ChessBase"]
[SourceDate "2016.10.25"]
[SourceVersion "1"]
[SourceVersionDate "2016.10.25"]
[SourceQuality "1"]

1. e4 e5 2. f4 exf4 3. Nf3 d6 4. Bc4 Bg4 5. d4 Be7 6. Bxf4 Nf6 7. Qe2 Nh5 8. Bg3 0-0 9. Nbd2 Nc6 10. c3 Na5 11. Bd3 Bg5 12. 0-0-0 b6 13. Kb1 c5 14. Qf2 Bxd2 15. Rxd2 c4 16. Bc2 Nc6 17. Bh4 Qc8 18. h3 Bd7 19. g4 Nf4 20. Ne1 Ng6 21. Bg3 Qc7 22. Qh2 Rfe8 23. Bxd6 Qb7 24. Rf1 b5 25. Rdf2 Nd8 26. Nf3 a5 27. Ka1 b4 28. Bb1 b3 29. a3 Qc8 30. Ng5 Nh8 31. e5 g6 32. d5 Nb7 33. e6 Nxd6 34. Nxf7 Ndxf7 35. exf7+ Nxf7 36. Rxf7 Qd8 37. Qd6 Ba4 38. Qc5 Qb8 39. Qd4 Qe5 40. Qxc4 Rac8 41. Qxa4 Qxd5 42. Qf4 Rcd8 43. Qf6 Qe5 44. Qh4 h5 45. Bxg6 Qd6 46. Qxh5 Qd1+ 47. Bb1 1-0

[Event "Brasschaat op 03rd"]
[Site "Brasschaat"]
[Date "2003.08.??"]
[Round "1"]
[White "Broeckmeyer, Walter"]
[Black "Vanderhallen, Nicolas"]
[Result "1/2-1/2"]
[WhiteElo "1860"]
[BlackElo "2059"]
[PlyCount "70"]
[EventDate "2003.08.24"]
[EventType "swiss"]
[EventRounds "9"]
[EventCountry "BEL"]
[SourceTitle "EXT 2007"]
[Source "ChessBase"]
[SourceDate "2006.11.23"]
[SourceVersion "1"]
[SourceVersionDate "2006.11.23"]
[SourceQuality "1"]

1. e4 c5 2. Nc3 e6 3. f4 d5 4. Nf3 dxe4 5. Nxe4 Nf6 6. Bb5+ Bd7 7. Qe2 Nd5 8. Bxd7+ Nxd7 9. d3 Be7 10. 0-0 0-0 11. Kh1 Qc7 12. Nfg5 N5f6 13. Ng3 Bd6 14. Nh3 e5 15. f5 e4 16. Nxe4 Nxe4 17. dxe4 Rfe8 18. f6 Nxf6 19. Ng5 h6 20. Rxf6 gxf6 21. Nh3 Bf8 22. Qg4+ Kh8 23. Qh5 Qc6 24. Bxh6 Bxh6 25. Qxh6+ Kg8 26. Rf1 Rxe4 27. Nf4 f5 28. Qg5+ Kf8 29. Qxf5 Ke8 30. Nh5 Kd8 31. Qxf7 Re7 32. Rd1+ Rd7 33. Rxd7+ Qxd7 34. Qf8+ Qe8 35. Qf6+ Qe7 1/2-1/2